000 00780nam a22002177a 4500
999 _c13001
_d13001
003 AR-CdUCM
008 190410b ||||| |||| 00| 0 spa d
040 _aMUNICIPALIDAD PROVINCIAL DEL CUSCO
_cBIBLIOTECA MUNICIPAL DEL CUSCO
082 _a869.508 /
_bOR73 / 1974
100 _aOrtega, Julio
_95562
245 _aLa Imaginación Critica :
_bEnsayos sobre la Modernidad en el Perú /
260 _aLima :
_bEdiciones PEISA,
_c1974.
300 _a255 paginas ;
_c17 cm.
440 _aBiblioteca Peruana.
_911247
505 _aContenido: Jose Maria Eguren -- Cesar Vallejo -- La poesia de Cesar Moro -- Mario Vargas Llosa.
650 _aEnsayos Peruanos
_9269
650 _aLiteratura Peruana
_9132
650 _aSiglo XX
_98
942 _2ddc
_cLIBROS
945 _aachl
_d2019-04-10